| 000 | 00745nam a2200253Ia 4500 | ||
|---|---|---|---|
| 003 | OSt | ||
| 005 | 20220918183534.0 | ||
| 006 | a|||||r|||| 00| 0 | ||
| 007 | ta | ||
| 008 | 220917b |||||||| |||| 00| 0 eng d | ||
| 024 | _a38,738 | ||
| 037 | _cTextual | ||
| 040 |
_aARTS _cARTS _beng |
||
| 041 |
_2eng _aeng |
||
| 082 | _aO15jM71, L1 | ||
| 100 |
_aJha Jata Shankar Ed. _963065 |
||
| 245 | 0 | _aMahamahopadhayaya Hariharcripalu -Dvivedi-Visheshankah | |
| 260 |
_aPatna _bBiharrajya Sanskrit Sahityasammelanam India _c1971 |
||
| 300 |
_a227,60p. _ccm. |
||
| 490 | _aKendriya Nibandha Sankhya; 4296 | ||
| 650 | _aSANSKRIT LITERATURE | ||
| 942 |
_hO15jM71, L1 _cTEXL _2CC |
||
| 999 |
_c173008 _d173008 |
||